Australian Open Tennis Men's Finalists - Statistics

General Stats
  • This quiz has been taken 741 times
    506 since last reset
  • The average score is 29 of 57
Answer Stats
Country Player % Correct
ITA Jannik Sinner
98%
SRB Novak Djokovic
98%
ESP Rafael Nadal
98%
SUI Roger Federer
98%
GBR Andy Murray
97%
GER Alexander Zverev
95%
RUS Daniil Medvedev
93%
GRE Stefanos Tsitsipas
92%
SUI Stan Wawrinka
91%
USA Andre Agassi
89%
AUT Dominic Thiem
89%
USA Pete Sampras
86%
CRO Marin Čilić
85%
FRG Boris Becker
79%
TCH Ivan Lendl
78%
AUS Lleyton Hewitt
77%
AUS Rod Laver
76%
RUS Marat Safin
74%
FRA Jo-Wilfried Tsonga
73%
SWE Stefan Edberg
72%
USA Jimmy Connors
69%
SWE Mats Wilander
65%
USA Jim Courier
63%
USA Arthur Ashe
57%
AUS John Newcombe
55%
ARG Guillermo Vilas
52%
RUS Yevgeny Kafelnikov
52%
CYP Marcos Baghdatis
51%
USA Michael Chang
51%
AUS Ken Rosewall
48%
CZE Petr Korda
48%
SWE Thomas Johansson
45%
ESP Carlos Moyá
44%
AUS Pat Cash
43%
CHI Marcelo Ríos
41%
CHI Fernando González
38%
USA Roscoe Tanner
28%
USA Vitas Gerulaitis
27%
FRA Arnaud Clément
23%
RSA Johan Kriek
22%
USA Brian Teacher
20%
AUS Mark Edmondson
20%
GER Rainer Schüttler
19%
USA Todd Martin
19%
SWE Thomas Enqvist
18%
TCH Miloslav Mečíř
15%
ESP Andrés Gimeno
11%
GBR John Lloyd
11%
RSA Kevin Curren
10%
AUS Malcolm Anderson
8%
AUS Phil Dent
8%
USA Steve Denton
7%
AUS Kim Warwick
6%
AUS Dick Crealy
4%
AUS John Marks
4%
USA John Sadri
4%
NZL Onny Parun
4%
No matching quizzes found
Score Distribution
Percent of People with Each Score
Percentile by Number Answered
Your Score History
You have not taken this quiz since the last reset